000 00640cam a2200145 4500500
005 20251228073711.0
041 _afre
042 _adc
100 1 0 _aGaggadis-Robin, Vassiliki
_eauthor
245 0 0 _aTurcan Robert, Études d’archéologie sépulcrale, Sarcophages romains et gallo-romains (De l’archéologie à l’histoire), Paris, De Boccard, 2003, 1 vol. 17 × 24,5, VI + 342 p., 24 fig. ds t.
260 _c2005.
500 _a12
786 0 _nRevue archéologique | 40 | 2 | 2005-09-01 | p. 365zj-437zj | 0035-0737
856 4 1 _uhttps://shs.cairn.info/revue-archeologique-2005-2-page-365zj?lang=fr&redirect-ssocas=7080
999 _c1595738
_d1595738